00000000cam 2200000zi 4500
0019.954810
003CaOODSP
00520251002095833
006m     o  d f      
007cr cn ||||||||
008250904s2025    onc     osb  f000 0 fre d
020 |a9780660787831
040 |aCaOODSP|bfre|erda|cCaOODSP
043 |an-cn---
0861 |aPS82-4/25-8F-PDF
1001 |aCram, Sarah, |eauteur.
24510|aProfil des délinquants purgeant des peines de longue durée / |cpréparé par : Sarah Cram.
264 1|a[Ottawa] : |bService correctionnel Canada = Correctional Service Canada, |c2025.
300 |a1 ressource en ligne (1 page non numérotée).
336 |atexte|btxt|2rdacontent/fre
337 |ainformatique|bc|2rdamedia/fre
338 |aressource en ligne|bcr|2rdacarrier/fre
4901 |aRecherche en bref ; |vRIB-25-08
500 |aTitre de départ.
500 |a« Transformons des vies. Protégeons les canadiens. »
500 |aPublié aussi en anglais sous le titre : Profile of offenders serving long sentences.
504 |aComprend des références bibliographiques.
520 |a« Les délinquants purgeant des peines de longue durée représentent le tiers de la population générale. Les deux tiers des DPPLD étaient incarcérés, et le tiers d’entre eux se trouvaient dans la collectivité. Les DPPLD incarcérés étaient plus susceptibles de présenter des risques et des besoins liés aux facteurs criminogènes élevés que ceux qui se trouvaient dans la collectivité » -- Page [1].
650 6|aPrisonniers|zCanada.
650 6|aPeines d'emprisonnement|zCanada|vStatistiques.
650 6|aÉtablissements de correction|zCanada.
7102 |aService correctionnel Canada, |eorganisme de publication.
77508|tProfile of offenders serving long sentences / |w(CaOODSP)9.954811
830#0|aRecherche en bref (Service correctionnel Canada)|vRIB-25-08.|w(CaOODSP)9.805235
85640|qPDF|s266 Ko|uhttps://publications.gc.ca/collections/collection_2025/scc-csc/PS82-4-25-8-fra.pdf
8564 |qHTML|sS.O.|uhttps://www.canada.ca/fr/service-correctionnel/organisation/bibliotheque/recherche/bref/25-08.html